000 00289nam a22001337a 4500
008 170530b xxu||||| |||| 00| 0 eng d
020 _a9780743294232
041 _aeng
080 _a93
100 _a17
101 _aSHH
245 _aTHE END OF IRAQ
_cGALBRAITH, P .W
942 _2udc
_cBK
999 _c15010
_d15010